000 01607nam a2200325 i 4500
001 768714001
003 CO-MdFUSB
005 20231206112406.0
007 ta
008 230922t20172018ck ||||g |||| 00| 0 spa d
020 _a9781548817794
040 _aCO-MdFUSB
_bspa
_cCO-MdFUSB
_dCO-MdFUSBC
_erda
041 _aspa
082 _223
_a864
_bM843
100 _aMoreno Palacios, Wilson,
_eautor
245 3 _aLe valgo mucho más a mi hijo muerta que viva
_c/ Wilson Moreno Palacios
250 _aSegunda edición
264 1 _aColombia :
_bW.M. Editions,
_c[2018]
264 4 _c©2017
300 _a94 páginas
_c; 21 cm.
336 _2rdacontent
_atexto
_btxt
337 _2rdamedia
_bn
_asin mediación
338 _2rdacarrier
_avolumen
_bnc
520 _a"la suerte está echada. he perdido en esta ruleta rusa que es la vida. ya no le veo sentido a mi existencia. pese a todo, estoy satisfecha porque dejo bien situado cada peón de este juego de ajedrez que mi chiquillo tendrá que aprender muy pronto, y solo: contra todos, solo contra viento y marea, solo ante las adversidades contra las que nunca fui capaz de luchar" La sociedad moderna, denunciada por la narradora, y la sociedad descrita por heidegger y Foucault se cruzan en un relato humanista en el que el peor animal es, una vez más, el hombre, cualquiera que sea su circunstancia. Como cierto autor dijo atinadamente de su novela "esta no es una historia verdadera, pero ocurre todos los días"
563 _aRústico
650 7 _2embne
_92518
_aLiteratura colombiana
653 _aEnsayo.
942 _cBK
945 _asor1564
999 _c69028
_d69028